000 00438nam a22001697a 4500
999 _c523709
_d523709
003 NUST
038 _awaseem
082 _a297
_bANS
100 _aAnsari, Zafar Ishaq
_914481
245 _aFiqar-o-Nazar /
_cZafar Ishaq Ansari
260 _aIslamabad :
_bI.R.D,
_c1992.
300 _a431 p. ;
500 _aPaperback.
880 _6100-02\r
_aظفر اسحاق انصاری
880 _6245-02\r
_aفکر و نظر /
942 _2ddc
_cBK